[Event "CZE-chT2C 1920"]
[Site "Czech Republic"]
[Date "2019.12.01"]
[Round "4.2"]
[White "Jelinek, Michal"]
[Black "Hora, Milan"]
[Result "1-0"]
[WhiteElo "2125"]
[BlackElo "2157"]
[PlyCount "127"]
[EventDate "2019.10.13"]
[EventType "team-tourn"]
[EventRounds "11"]
[EventCountry "CZE"]
[SourceTitle "EXT 2024"]
[Source "ChessBase"]
[SourceDate "2023.10.10"]
[SourceVersion "1"]
[SourceVersionDate "2023.10.10"]
[SourceQuality "1"]
[WhiteTeam "Praha Oaza II"]
[BlackTeam "Kolin"]
[WhiteTeamCountry "CZE"]
[BlackTeamCountry "CZE"]

1. d4 Nf6 2. c4 g6 3. Nf3 Bg7 4. e3 0-0 5. Be2 d5 6. cxd5 Nxd5 7. 0-0 Nc6 8. e4 Nb6 9. Be3 Bg4 10. Nbd2 e5 11. d5 Nd4 12. h3 Nxe2+ 13. Qxe2 Bd7 14. Rfc1 c6 15. d6 Be6 16. a4 Nc8 17. a5 a6 18. Ra3 Na7 19. b4 Nb5 20. Rd3 Qd7 21. Bc5 Rfe8 22. Nc4 Bxc4 23. Rxc4 Bf8 24. Rc1 Re6 25. Rcd1 Rd8 26. Nd2 Nd4 27. Bxd4 exd4 28. Nc4 Bxd6 29. Rxd4 Qc7 30. Qd3 Bh2+ 31. Kf1 Rxd4 32. Qxd4 Be5 33. Qd8+ Qxd8 34. Rxd8+ Kg7 35. Rd7 Bc3 36. f3 Bxb4 37. Rxb7 Bc5 38. Rc7 g5 39. Ke2 h5 40. Kd3 Kf6 41. Rc8 Bb4 42. Rh8 h4 43. Ra8 c5 44. Rc8 Re7 45. Rc6+ Re6 46. Rc7 Kg6 47. e5 Re8 48. Ke4 Bc3 49. Rc6+ Kg7 50. Kd5 Rd8+ 51. Rd6 Rb8 52. Rxa6 Rb1 53. Rb6 Rd1+ 54. Kc6 Bxa5 55. Nxa5 Rd2 56. Nc4 Rxg2 57. Rb7 Kg6 58. Kxc5 Rg3 59. Rb6+ Kg7 60. Rf6 Rxh3 61. Nd6 Rh1 62. Rxf7+ Kg6 63. Rf6+ Kh5 64. Nf5 1-0

[Event "Pardubice Czech op-E 30th"]
[Site "Pardubice"]
[Date "2019.07.13"]
[Round "5.2"]
[White "Chytilek, Roman"]
[Black "Jelinek, Michal"]
[Result "1/2-1/2"]
[WhiteElo "2334"]
[BlackElo "2108"]
[PlyCount "52"]
[EventDate "2019.07.11"]
[EventType "team-swiss"]
[EventRounds "7"]
[EventCountry "CZE"]
[SourceTitle "EXT 2020"]
[Source "ChessBase"]
[SourceDate "2019.10.17"]
[SourceVersion "1"]
[SourceVersionDate "2019.10.17"]
[SourceQuality "1"]
[WhiteTeam "Brno Duras"]
[BlackTeam "Praha Oaza Juniors"]
[WhiteTeamCountry "CZE"]
[BlackTeamCountry "CZE"]

1. Nf3 Nf6 2. c4 g6 3. Nc3 Bg7 4. e4 d6 5. d4 0-0 6. h3 e5 7. d5 a5 8. Bg5 Na6 9. Nd2 Qe8 10. g4 c6 11. Rg1 Nc5 12. b3 h6 13. Be3 Bd7 14. a4 Kh7 15. Be2 Qe7 16. h4 Ng8 17. g5 f5 18. h5 gxh5 19. Bxc5 dxc5 20. Bxh5 hxg5 21. exf5 Bxf5 22. Nde4 Bh6 23. Bg4 Bg6 24. Bh5 Bf5 25. Bg4 Bg6 26. Bh5 Bf5 1/2-1/2

[Event "Prague Menchik Memorial rapid"]
[Site "Prague"]
[Date "2019.06.09"]
[Round "4"]
[White "Jelinek, Michal"]
[Black "Olsarova, Karolina"]
[Result "1/2-1/2"]
[WhiteElo "2108"]
[BlackElo "2260"]
[PlyCount "108"]
[EventDate "2019.06.09"]
[EventType "swiss (rapid)"]
[EventRounds "9"]
[EventCountry "CSR"]
[SourceTitle "CBM 190 Extra"]
[Source "ChessBase"]
[SourceDate "2019.07.15"]
[SourceVersion "1"]
[SourceVersionDate "2019.07.15"]
[SourceQuality "1"]

1. e4 e5 2. Nf3 Nc6 3. Bc4 Bc5 4. 0-0 Nf6 5. d4 Bxd4 6. Nxd4 Nxd4 7. f4 d6 8. fxe5 dxe5 9. Bg5 Qe7 10. Na3 Bd7 11. Qe1 Ne6 12. Bxf6 gxf6 13. Qf2 Nf4 14. Kh1 Rg8 15. g3 Bc6 16. Rae1 Ne6 17. Qxf6 Qxf6 18. Rxf6 Ke7 19. Rh6 Ng5 20. Bd5 Rg6 21. Rxg6 hxg6 22. Bxc6 bxc6 23. h4 Nf3 24. Re3 Nd4 25. c3 Ne6 26. Nc4 f6 27. Na5 Nd8 28. b4 Rb8 29. Rd3 Rb6 30. Kg2 Ne6 31. Kf3 c5 32. a3 cxb4 33. axb4 c5 34. Ke3 cxb4 35. cxb4 Nd4 36. Nb3 Rxb4 37. Nxd4 exd4+ 38. Rxd4 Rb3+ 39. Kf4 Rb5 40. Ra4 a5 41. g4 Kd6 42. g5 fxg5+ 43. hxg5 Kc6 44. Rc4+ Kb6 45. Rd4 Kc5 46. Rd5+ Kc6 47. Rd4 Rb4 48. Rd5 Rb5 49. Rd4 Rb4 50. Rd5 a4 51. Ra5 Kb6 52. Ra8 Kb7 53. Ra5 Kb6 54. Ra8 Kb7 1/2-1/2

[Event "Prague Menchik Memorial rapid"]
[Site "Prague"]
[Date "2019.06.09"]
[Round "2"]
[White "Jelinek, Michal"]
[Black "Richtrova, Eliska"]
[Result "0-1"]
[WhiteElo "2108"]
[BlackElo "2191"]
[PlyCount "80"]
[EventDate "2019.06.09"]
[EventType "swiss (rapid)"]
[EventRounds "9"]
[EventCountry "CSR"]
[SourceTitle "CBM 190 Extra"]
[Source "ChessBase"]
[SourceDate "2019.07.15"]
[SourceVersion "1"]
[SourceVersionDate "2019.07.15"]
[SourceQuality "1"]

1. e4 e5 2. Nf3 Nc6 3. Bc4 Bc5 4. 0-0 d6 5. d3 h6 6. c3 Bb6 7. b4 Nf6 8. a4 a5 9. b5 Ne7 10. Nbd2 0-0 11. h3 Ng6 12. Re1 Qe7 13. Nf1 c6 14. bxc6 bxc6 15. Ng3 d5 16. Bb3 Re8 17. Nf5 Qa7 18. Qc2 Bd7 19. Ba3 dxe4 20. dxe4 Bc5 21. Nd6 Re7 22. Bxc5 Qxc5 23. Rad1 Be6 24. Nf5 Rb7 25. Bxe6 fxe6 26. Ne3 Rf8 27. Rb1 Rbf7 28. Red1 Nf4 29. Rd2 Ne8 30. Nh2 h5 31. Rbd1 Rf6 32. Rd7 Rg6 33. Kh1 Nxg2 34. Nhf1 Rf3 35. Kh2 Nf4 36. Ng3 Nf6 37. Rd8+ Kh7 38. R1d2 h4 39. Qd1 hxg3+ 40. fxg3 Qxe3 0-1

[Event "CZE-chT1W 1819"]
[Site "Czech Republic"]
[Date "2018.10.21"]
[Round "1.5"]
[White "Jelinek, Michal"]
[Black "Burdalev, Kirill"]
[Result "0-1"]
[WhiteElo "2080"]
[BlackElo "2356"]
[PlyCount "118"]
[EventDate "2018.10.21"]
[EventType "team-tourn"]
[EventRounds "11"]
[EventCountry "CZE"]
[SourceTitle "CBM 187 Extra"]
[Source "ChessBase"]
[SourceDate "2018.11.04"]
[SourceVersion "1"]
[SourceVersionDate "2018.11.04"]
[SourceQuality "1"]
[WhiteTeam "Praha Oaza"]
[BlackTeam "Praha DP Tarok"]
[WhiteTeamCountry "CZE"]
[BlackTeamCountry "CZE"]

1. d4 Nf6 2. c4 c5 3. d5 e6 4. Nc3 exd5 5. cxd5 d6 6. Nf3 g6 7. e4 a6 8. Bg5 Bg7 9. Nd2 b5 10. Be2 0-0 11. Qc2 Re8 12. 0-0 h6 13. Bh4 g5 14. Bg3 b4 15. Nd1 Nxd5 16. exd5 Rxe2 17. Qd3 Re8 18. Nc4 Bf8 19. f4 g4 20. f5 Nd7 21. Nf2 Nf6 22. Bh4 Be7 23. Rae1 h5 24. Bxf6 Bxf6 25. Ne4 Bd4+ 26. Kh1 f6 27. Qg3 Ra7 28. Qxd6 Qxd6 29. Nexd6 Rd8 30. Nxc8 Rxc8 31. Re6 Rd8 32. d6 Rad7 33. Rfe1 Be5 34. Rd1 Bd4 35. g3 Kg7 36. Kg2 Kh6 37. Rf1 Kg5 38. Rf4 Kh6 39. Rf1 Kg5 40. Rf4 Kh6 41. Kf1 Kg7 42. Ke2 Be5 43. Rf1 Bxd6 44. Rd1 Bf8 45. Rxd7+ Rxd7 46. Rxa6 Rd4 47. Ne3 Kf7 48. Ra7+ Kg8 49. Ra8 Kf7 50. Ra7+ Be7 51. Ng2 Rd8 52. Ne3 Rd4 53. Ng2 Ke8 54. Ra8+ Kd7 55. Rh8 c4 56. Rxh5 c3 57. bxc3 bxc3 58. Ne3 Bc5 59. Rh7+ Kd6 0-1

[Event "CZE-ch"]
[Site "Ostrava"]
[Date "2018.04.30"]
[Round "3"]
[White "Jelinek, Michal"]
[Black "Jedlicka, Ales"]
[Result "0-1"]
[WhiteElo "2134"]
[BlackElo "2238"]
[PlyCount "84"]
[EventDate "2018.04.28"]
[EventType "swiss"]
[EventRounds "9"]
[EventCountry "CZE"]
[SourceTitle "CBM 184 Extra"]
[Source "ChessBase"]
[SourceDate "2018.06.28"]
[SourceVersion "1"]
[SourceVersionDate "2018.06.28"]
[SourceQuality "1"]

1. d4 Nf6 2. c4 e6 3. Nc3 Bb4 4. Qc2 0-0 5. a3 Bxc3+ 6. Qxc3 b6 7. Bg5 c5 8. dxc5 bxc5 9. e3 d6 10. Bd3 Bb7 11. f3 Nbd7 12. Ne2 h6 13. Bh4 Qb6 14. 0-0 d5 15. Rac1 dxc4 16. Bxc4 Nd5 17. Bxd5 exd5 18. Rfd1 Rfe8 19. Bf2 d4 20. exd4 Rxe2 21. dxc5 Qc6 22. Rd6 Qc7 23. Qd3 Re7 24. Bh4 Ne5 25. Qf5 f6 26. b4 Rae8 27. Rcd1 Nf7 28. Rd7 Qc6 29. R7d4 Re2 30. Qh5 Qe6 31. Rd7 Ba6 32. h3 Bc4 33. Qg6 Bb3 34. R1d6 Qe3+ 35. Kh2 Qe5+ 36. Kh1 Rc2 37. Bxf6 Rc1+ 38. Rd1 Rxd1+ 39. Rxd1 Qxf6 40. Qxf6 gxf6 41. Rd7 a6 42. Ra7 Bc4 0-1

[Event "CZE-ch"]
[Site "Ostrava"]
[Date "2018.04.28"]
[Round "1"]
[White "Jelinek, Michal"]
[Black "Simek, Petr1111"]
[Result "0-1"]
[WhiteElo "2134"]
[BlackElo "2378"]
[PlyCount "82"]
[EventDate "2018.04.28"]
[EventType "swiss"]
[EventRounds "9"]
[EventCountry "CZE"]
[SourceTitle "CBM 184 Extra"]
[Source "ChessBase"]
[SourceDate "2018.06.28"]
[SourceVersion "1"]
[SourceVersionDate "2018.06.28"]
[SourceQuality "1"]

1. d4 Nf6 2. c4 e6 3. Nc3 Bb4 4. Qc2 d5 5. cxd5 exd5 6. Bg5 c5 7. dxc5 h6 8. Bh4 g5 9. Bg3 Ne4 10. e3 Qa5 11. Be5 0-0 12. f3 Nc6 13. fxe4 Nxe5 14. exd5 Qxc5 15. 0-0-0 Bg4 16. Rd4 Rac8 17. Nge2 Rfd8 18. h4 Bxe2 19. Bxe2 Bxc3 20. bxc3 Qxc3 21. Qxc3 Rxc3+ 22. Kd2 Ra3 23. Ra1 Rd6 24. hxg5 hxg5 25. Bd1 Ra5 26. Bb3 Rc5 27. Rc1 Rxc1 28. Kxc1 Kg7 29. Kd2 Kf6 30. Kc3 b6 31. Rd1 Ke7 32. Kd4 Nd7 33. e4 Rf6 34. Re1 Rf4 35. Re3 f5 36. Bc2 Kd6 37. Rh3 fxe4 38. Bxe4 Nf6 39. Re3 Nxd5 40. Rd3 Nf6 41. Rg3 Nd7 0-1

[Event "CZE-chT U18 Extraliga final-B 1718"]
[Site "Czech Republic"]
[Date "2018.04.22"]
[Round "11.1"]
[White "Jelinek, Michal"]
[Black "Skalsky, Alexandr"]
[Result "1-0"]
[WhiteElo "2201"]
[BlackElo "2129"]
[PlyCount "101"]
[EventDate "2017.10.07"]
[EventType "team-tourn"]
[EventRounds "11"]
[EventCountry "CZE"]
[SourceTitle "EXT 2023"]
[Source "ChessBase"]
[SourceDate "2022.10.05"]
[SourceVersion "1"]
[SourceVersionDate "2022.10.05"]
[SourceQuality "1"]
[WhiteTeam "Praha Promat Oaza (U18)"]
[BlackTeam "Stare Mesto (U18)"]
[WhiteTeamCountry "CZE"]
[BlackTeamCountry "CZE"]

1. d4 Nf6 2. c4 g6 3. Nf3 Bg7 4. e3 0-0 5. Be2 d5 6. cxd5 Nxd5 7. e4 Nb6 8. 0-0 c5 9. d5 f5 10. Nc3 Bxc3 11. bxc3 fxe4 12. Ng5 Qxd5 13. Qxd5+ Nxd5 14. Bc4 e6 15. Rd1 Nc6 16. Nxe4 Nb6 17. Bb5 Bd7 18. Bh6 Rf7 19. Nd6 a6 20. Be2 Nd5 21. Rac1 Re7 22. Nxb7 Rb8 23. Nxc5 Rb2 24. Bf3 Ne5 25. Bxd5 exd5 26. Bg5 Rf7 27. f4 Bc6 28. Ne6 h6 29. fxe5 hxg5 30. Rf1 d4 31. Rxf7 Rxg2+ 32. Kf1 Kxf7 33. Nd8+ Ke8 34. Nxc6 Rxh2 35. Kg1 Rxa2 36. cxd4 Kd7 37. Nb8+ Ke6 38. Rc6+ Kd5 39. Rxa6 Rb2 40. Rd6+ Ke4 41. Nc6 Kf3 42. Rxg6 g4 43. Rf6+ Kg3 44. d5 Rb1+ 45. Rf1 Rb2 46. Rd1 Kh3 47. d6 Rg2+ 48. Kf1 g3 49. d7 Rh2 50. d8Q g2+ 51. Kf2 1-0

[Event "CZE-chT U18 Extraliga final-B 1718"]
[Site "Czech Republic"]
[Date "2018.04.21"]
[Round "10.1"]
[White "Nemec, David1111"]
[Black "Jelinek, Michal"]
[Result "1/2-1/2"]
[WhiteElo "1799"]
[BlackElo "2201"]
[PlyCount "102"]
[EventDate "2017.10.07"]
[EventType "team-tourn"]
[EventRounds "11"]
[EventCountry "CZE"]
[SourceTitle "EXT 2023"]
[Source "ChessBase"]
[SourceDate "2022.10.05"]
[SourceVersion "1"]
[SourceVersionDate "2022.10.05"]
[SourceQuality "1"]
[WhiteTeam "Kurim (U18)"]
[BlackTeam "Praha Promat Oaza (U18)"]
[WhiteTeamCountry "CZE"]
[BlackTeamCountry "CZE"]

1. e4 e5 2. Nf3 Nc6 3. d4 exd4 4. Nxd4 Nf6 5. Nc3 Bb4 6. Nxc6 bxc6 7. Bd3 d5 8. exd5 0-0 9. 0-0 cxd5 10. Bg5 c6 11. Qf3 Bd6 12. Rfe1 Rb8 13. Rab1 h6 14. Bxf6 Qxf6 15. Qxf6 gxf6 16. Ne2 Rd8 17. Nd4 Bd7 18. Nf5 Bf8 19. Ng3 Be6 20. Nh5 f5 21. c3 c5 22. Nf4 Rb6 23. Nxe6 fxe6 24. c4 d4 25. Re2 Kf7 26. f4 Bd6 27. g3 Bc7 28. Kf2 Rdb8 29. Ke1 Ra6 30. a3 Ba5+ 31. Kd1 Rab6 32. Re5 Rxb2 33. Rxb2 Rxb2 34. Rxc5 Bc3 35. Kc1 Rb7 36. Rb5 Rc7 37. Kd1 Kf6 38. Ke2 h5 39. Kf3 Rg7 40. Rb1 Bd2 41. a4 h4 42. Rd1 Bc3 43. Rb1 hxg3 44. hxg3 Rh7 45. Kg2 Rc7 46. Kf3 Ke7 47. Rh1 Kd6 48. Rh6 Rc5 49. g4 fxg4+ 50. Kxg4 Bd2 51. Rg6 Rc7 1/2-1/2

[Event "CZE-chT1W 1718"]
[Site "Czech Republic"]
[Date "2017.11.26"]
[Round "3.6"]
[White "Dolezal, Radoslav"]
[Black "Jelinek, Michal"]
[Result "1/2-1/2"]
[WhiteElo "2380"]
[BlackElo "2164"]
[PlyCount "65"]
[EventDate "2017.10.29"]
[EventType "team-tourn"]
[EventRounds "11"]
[EventCountry "CZE"]
[SourceTitle "EXT 2019"]
[Source "ChessBase"]
[SourceDate "2018.10.10"]
[SourceVersion "1"]
[SourceVersionDate "2018.10.10"]
[SourceQuality "1"]
[WhiteTeam "Pankrac"]
[BlackTeam "Praha Oaza"]
[WhiteTeamCountry "CZE"]
[BlackTeamCountry "CZE"]

1. e4 e6 2. d4 d5 3. Nd2 c5 4. Ngf3 cxd4 5. exd5 Qxd5 6. Bc4 Qd6 7. 0-0 Nf6 8. Nb3 Nc6 9. Nbxd4 Nxd4 10. Nxd4 a6 11. c3 Qc7 12. Qe2 Bd6 13. h3 0-0 14. Bg5 Bh2+ 15. Kh1 Bf4 16. Bxf6 gxf6 17. Bd3 Kh8 18. Qh5 f5 19. g4 Rg8 20. gxf5 Rg5 21. Qh4 exf5 22. Rg1 f6 23. Nf3 Be6 24. Nxg5 fxg5 25. Qh6 Bd5+ 26. Rg2 Qf7 27. Be2 Rd8 28. Rd1 Rd6 29. Qh5 Qxh5 30. Bxh5 Bxg2+ 31. Kxg2 Rxd1 32. Bxd1 Kg7 33. Bf3 1/2-1/2

[Event "CZE-chT U18 Extraliga West 1718"]
[Site "Czech Republic"]
[Date "2017.11.25"]
[Round "5.1"]
[White "Liska, Jiri2222"]
[Black "Jelinek, Michal"]
[Result "1-0"]
[WhiteElo "2241"]
[BlackElo "2201"]
[PlyCount "75"]
[EventDate "2017.10.07"]
[EventType "team-tourn"]
[EventRounds "11"]
[EventCountry "CZE"]
[SourceTitle "EXT 2023"]
[Source "ChessBase"]
[SourceDate "2022.10.05"]
[SourceVersion "1"]
[SourceVersionDate "2022.10.05"]
[SourceQuality "1"]
[WhiteTeam "Liberec Desko (U18)"]
[BlackTeam "Praha Promat Oaza (U18)"]
[WhiteTeamCountry "CZE"]
[BlackTeamCountry "CZE"]

1. Nf3 c5 2. c4 g6 3. Nc3 Bg7 4. e3 Nf6 5. d4 cxd4 6. exd4 d5 7. Qb3 dxc4 8. Bxc4 0-0 9. 0-0 Nc6 10. Ne5 e6 11. Nxc6 bxc6 12. Rd1 Qd6 13. g3 Nd5 14. Ne4 Qe7 15. Bg5 f6 16. Bd2 a5 17. Rac1 Bd7 18. Nc5 Rfb8 19. Qc2 Bc8 20. Re1 Kf7 21. Bb3 Ra7 22. Ba4 Rb6 23. Re2 f5 24. Rce1 Bxd4 25. Nxe6 Bxe6 26. Rxe6 Qxe6 27. Rxe6 Kxe6 28. Qc4 c5 29. Bb3 Rd6 30. Qb5 a4 31. Qe8+ Re7 32. Qg8+ Rf7 33. Bxa4 Nf6 34. Qc8+ Ke7 35. Bg5 Rf8 36. Qc7+ Ke6 37. Bb3+ Rd5 38. Qc6+ 1-0

[Event "CZE-chT U18 Extraliga West 1718"]
[Site "Czech Republic"]
[Date "2017.10.07"]
[Round "1.1"]
[White "Jelinek, Michal"]
[Black "Slovak, Kilian"]
[Result "0-1"]
[WhiteElo "2201"]
[BlackElo "2266"]
[PlyCount "74"]
[EventDate "2017.10.07"]
[EventType "team-tourn"]
[EventRounds "11"]
[EventCountry "CZE"]
[SourceTitle "EXT 2023"]
[Source "ChessBase"]
[SourceDate "2022.10.05"]
[SourceVersion "1"]
[SourceVersionDate "2022.10.05"]
[SourceQuality "1"]
[WhiteTeam "Praha Promat Oaza (U18)"]
[BlackTeam "Praha Kobylisy (U18)"]
[WhiteTeamCountry "CZE"]
[BlackTeamCountry "CZE"]

1. d4 Nf6 2. c4 g6 3. Nc3 Bg7 4. e4 d6 5. Nf3 0-0 6. Be2 e5 7. d5 a5 8. Bg5 Na6 9. 0-0 h6 10. Bh4 Qe8 11. Nd2 Nh7 12. a3 Bd7 13. b3 f5 14. f3 g5 15. Bf2 f4 16. b4 b6 17. c5 bxc5 18. Bxa6 Rxa6 19. bxc5 dxc5 20. Bxc5 Rf7 21. Nc4 Bf8 22. Bxf8 Nxf8 23. Rb1 Rg7 24. d6 cxd6 25. Nd5 Qg6 26. Rb8 g4 27. fxg4 h5 28. Ncb6 Bxg4 29. Qb3 Be6 30. Rf2 Raa7 31. Qb5 Raf7 32. Qe8 Kh7 33. Qd8 Qxe4 34. Nf6+ Rxf6 35. Qxf6 Rxg2+ 36. Kf1 Rxf2+ 37. Kxf2 Qe3+ 0-1

[Event "CZE-chT U18 Extraliga West 1718"]
[Site "Czech Republic"]
[Date "2017.10.07"]
[Round "2.1"]
[White "Sprenar, Petr"]
[Black "Jelinek, Michal"]
[Result "1/2-1/2"]
[WhiteElo "2024"]
[BlackElo "2201"]
[PlyCount "79"]
[EventDate "2017.10.07"]
[EventType "team-tourn"]
[EventRounds "11"]
[EventCountry "CZE"]
[SourceTitle "EXT 2023"]
[Source "ChessBase"]
[SourceDate "2022.10.05"]
[SourceVersion "1"]
[SourceVersionDate "2022.10.05"]
[SourceQuality "1"]
[WhiteTeam "Karlovy Vary (U18)"]
[BlackTeam "Praha Promat Oaza (U18)"]
[WhiteTeamCountry "CZE"]
[BlackTeamCountry "CZE"]

1. d4 Nf6 2. c4 e6 3. Nf3 d5 4. g3 Be7 5. Bg2 0-0 6. 0-0 c6 7. b3 Nbd7 8. Nc3 b6 9. Qc2 Ba6 10. Nd2 Rc8 11. Rd1 c5 12. dxc5 Nxc5 13. Bb2 Bb7 14. Rac1 Qd7 15. Nf3 Rfd8 16. Qb1 Qe8 17. cxd5 Nxd5 18. Nxd5 Bxd5 19. Ne1 Bxg2 20. Nxg2 Rxd1+ 21. Rxd1 Qc6 22. Nf4 Bg5 23. Nd3 Nxd3 24. Qxd3 h5 25. h4 Bh6 26. f4 Qc5+ 27. Kf1 Qf5 28. e4 Qh3+ 29. Kg1 g6 30. Rc1 Rxc1+ 31. Bxc1 Bf8 32. Qf3 Be7 33. Qf2 Qg4 34. Kh2 Qd1 35. Be3 Bb4 36. e5 Be1 37. Qg2 Qd3 38. Bf2 Bxf2 39. Qxf2 Kg7 40. Kg2 1/2-1/2

[Event "Prague Pankrac Cup"]
[Site "Prague"]
[Date "2017.10.03"]
[Round "3"]
[White "Jelinek, Michal"]
[Black "Kulhanek, Tomas"]
[Result "1/2-1/2"]
[WhiteElo "2173"]
[BlackElo "2324"]
[PlyCount "82"]
[EventDate "2017.09.19"]
[EventType "swiss"]
[EventRounds "7"]
[EventCountry "CZE"]
[SourceTitle "EXT 2019"]
[Source "ChessBase"]
[SourceDate "2018.10.10"]
[SourceVersion "1"]
[SourceVersionDate "2018.10.10"]
[SourceQuality "1"]

1. d4 Nf6 2. c4 e6 3. Nc3 Bb4 4. Qc2 d6 5. a3 Bxc3+ 6. Qxc3 Nbd7 7. Bg5 h6 8. Bh4 b6 9. e3 Bb7 10. Ne2 c5 11. Rd1 Qc7 12. Qc2 cxd4 13. Rxd4 0-0 14. Nc3 a6 15. Be2 e5 16. Rd2 g5 17. Bg3 Bxg2 18. Rg1 Bh3 19. Bf3 Rad8 20. Nd5 Nxd5 21. Bxd5 Kg7 22. f4 exf4 23. exf4 Bg4 24. Qc3+ Kh7 25. Bf2 Rde8+ 26. Kf1 Be6 27. fxg5 Bxd5 28. Rxd5 Ne5 29. Qc2+ Kh8 30. Bd4 f6 31. gxh6 Qxc4+ 32. Qxc4 Nxc4 33. Kf2 Kh7 34. b3 Nd2 35. Bxb6 Ne4+ 36. Kf3 Ng5+ 37. Kg4 Rb8 38. Be3 Rxb3 39. Bxg5 fxg5 40. Rxd6 Rxa3 41. Re1 Rf7 1/2-1/2

[Event "Klatovy op-A 23rd"]
[Site "Klatovy"]
[Date "2017.07.02"]
[Round "2"]
[White "Novotny, Michal"]
[Black "Jelinek, Michal"]
[Result "1-0"]
[WhiteElo "2264"]
[BlackElo "2085"]
[PlyCount "71"]
[EventDate "2017.07.01"]
[EventType "swiss"]
[EventRounds "9"]
[EventCountry "CZE"]
[SourceTitle "EXT 2018"]
[Source "ChessBase"]
[SourceDate "2017.10.13"]
[SourceVersion "1"]
[SourceVersionDate "2017.10.13"]
[SourceQuality "1"]

1. e4 e6 2. d4 d5 3. Nc3 Bb4 4. e5 c5 5. a3 Bxc3+ 6. bxc3 Ne7 7. a4 Qc7 8. Nf3 h6 9. Bd3 b6 10. 0-0 Ba6 11. a5 Bxd3 12. cxd3 Nd7 13. axb6 Nxb6 14. dxc5 Qxc5 15. Be3 Qc8 16. Nd4 0-0 17. Nb5 a6 18. Nd6 Qc6 19. Qg4 Kh7 20. Qb4 Nd7 21. Bd4 Nc8 22. Nb7 Ncb6 23. Na5 Qc7 24. f4 Rfb8 25. Qe7 Kg8 26. Rf2 Nc8 27. Qe8+ Nf8 28. Nc6 Rb7 29. Bc5 Nb6 30. Ne7+ Kh7 31. Qxf7 Nfd7 32. Bb4 Nc5 33. f5 exf5 34. Qxf5+ Kh8 35. Ng6+ Kg8 36. Nf8 1-0

[Event "CZE-chT U18 Extraliga final-A 1617"]
[Site "Czech Republic"]
[Date "2017.04.21"]
[Round "8.2"]
[White "Kanakova, Natalie"]
[Black "Jelinek, Michal"]
[Result "1/2-1/2"]
[WhiteElo "2124"]
[BlackElo "2101"]
[PlyCount "71"]
[EventDate "2016.10.01"]
[EventType "team-tourn"]
[EventRounds "11"]
[EventCountry "CZE"]
[SourceTitle "EXT 2022"]
[Source "ChessBase"]
[SourceDate "2021.10.06"]
[SourceVersion "1"]
[SourceVersionDate "2021.10.06"]
[SourceQuality "1"]
[WhiteTeam "Frydek Mistek U18"]
[BlackTeam "Praha Oaza U18"]
[WhiteTeamCountry "CZE"]
[BlackTeamCountry "CZE"]

1. e4 e5 2. Nf3 Nc6 3. d4 exd4 4. Nxd4 Nf6 5. Nxc6 bxc6 6. e5 Nd5 7. Qd4 Qe7 8. c4 Nb6 9. Be2 d6 10. Bf4 c5 11. Qe4 Rb8 12. Nc3 Bb7 13. Nd5 Bxd5 14. cxd5 dxe5 15. Qxe5 Qxe5 16. Bxe5 Bd6 17. Bxg7 Rg8 18. Bc3 Rxg2 19. Bf3 Rxh2 20. Ke2 h6 21. Bg7 Ke7 22. Rxh2 Bxh2 23. Bxh6 Kf6 24. Rc1 c4 25. b3 cxb3 26. axb3 Nd7 27. Rc3 Be5 28. Rc6+ Bd6 29. Be3 Rxb3 30. Bxa7 Rb2+ 31. Kf1 Rb3 32. Kg2 Ne5 33. Bd4 Kf5 34. Bxe5 Kxe5 35. Rc1 Rb2 36. Re1+ 1/2-1/2